000
00226nam a2200097Ia 4500
005
20251222114404.0
008
251222s1900||||xx |||||||||||||| ||spa||
082
_a
DVD0095/J13/2005
245
0
_a
March Of the penguins
942
_c
DVD
999
_c
1770
_d
1770